ՀՀ Գիտությունների ազգային ակադեմիայի հիմնարար գիտական գրադարան  =   Fundamental Scientific Library of NAS RA

Такоб : (Record no. 487887)

MARC details
000 -LEADER
fixed length control field 00815nam-a2200217-a-4500
001 - CONTROL NUMBER
control field YSU0170860
003 - CONTROL NUMBER IDENTIFIER
control field AM-YeHGA
005 - DATE AND TIME OF LATEST TRANSACTION
control field 20250617162340.0
008 - FIXED-LENGTH DATA ELEMENTS--GENERAL INFORMATION
fixed length control field 991206s1937 xxu 000 0 rus u
040 ## - CATALOGING SOURCE
Original cataloging agency AM-YeHGA
090 ## - LOCALLY ASSIGNED LC-TYPE CALL NUMBER (OCLC); LOCAL CALL NUMBER (RLIN)
-- 491256
245 10 - TITLE STATEMENT
Title Такоб :
Remainder of title Месторождение плавикого шпата /
Statement of responsibility, etc. С.З. Шифрин и др.
260 0# - PUBLICATION, DISTRIBUTION, ETC.
Place of publication, distribution, etc. Л.,
-- Москва :
Name of publisher, distributor, etc. АН СССР ,
Date of publication, distribution, etc. 1937.
300 ## - PHYSICAL DESCRIPTION
Extent 396 с.
440 #0 - SERIES STATEMENT/ADDED ENTRY--TITLE
Title Труды Таджикско-Памирской экспедиции (ТПЭ) : Серия ведущих месторождений
Volume/sequential designation Вып. 75
650 #4 - SUBJECT ADDED ENTRY--TOPICAL TERM
Topical term or geographic name entry element Геология. Общие работы
700 1# - ADDED ENTRY--PERSONAL NAME
Personal name Гецева, Р.В.
700 1# - ADDED ENTRY--PERSONAL NAME
Personal name Гуляева, А.В.
700 1# - ADDED ENTRY--PERSONAL NAME
Personal name Копелиович, А.В.
700 1# - ADDED ENTRY--PERSONAL NAME
Personal name Эйгелес, М.А.
Holdings
Withdrawn status Lost status Source of classification or shelving scheme Damaged status Not for loan Collection Home library Current library Date acquired Total checkouts Full call number Barcode Date last seen Price effective from Koha item type Public note
    Universal Decimal Classification     General Fundamental Scientific Library Fundamental Scientific Library 14/02/2019   РД II/41021 FL0552195 14/02/2019 14/02/2019 Գրքեր / Books 30 Days Loan


ՀՀ ԳԱԱ հիմնարար գիտական գրադարան
ՀՀ,Երևան 0019
Մարշալ Բաղրամյան 24/6
հեռախոս:(374-10) 52-47-50
Հետադարձ կապ

All site content, except where otherwise noted, is licensed under a
Creative Commons License